Państwa w Ameryce, w których stolica nie jest największa - Statystyki

Ogólne statystyki
  • Ten quiz został rozwiązany 6 505 razy
  • Średni wynik to 6 z 8
Statystyki odpowiedzi
Państwo Stolica Największe miasto % Poprawnych
Stany Zjednoczone Waszyngton Nowy Jork
98%
Kanada Ottawa Toronto
97%
Brazylia Brasília São Paulo
94%
Boliwia Sucre Santa Cruz
77%
Wenezuela Caracas Maracaibo
73%
Ekwador Quito Guayaquil
69%
Belize Belmopan Belize City
61%
Trynidad i Tobago Port-of-Spain Chaguanas
47%
Nie znaleziono quizów pasujących do podanych kryteriów
Rozkład punktacji
Procent ludzi z każdym wynikiem
Percentyl według liczby udzielonych odpowiedzi
Twoja historia wyników
Nie rozwiązałeś tego quizu